000
00182 a2200097 4500
020
_a
9780881064506
041
_a
eng
100
_a
Pallotta,Jerry
245
_a
The Icky Bug
942
_c
BK
999
_c
8371
_d
8371